000 01332cam a22003737a 4500
003 CHAP
005 20220329143031.0
008 050923d2000 mx d r 00110 spa d
010 _a90976
011 _a91948
020 _a968856740X
035 _a102511
040 _cCHAP
082 0 4 _a338.972
_bR5
100 0 0 _aRico Ramírez, Roberto
_e, coord.
_997335
245 1 0 _aGlobalización económica y Distrito Federal:
_bestrategias desde el ámbito local
_c/coord. por Roberto Rico Ramírez y Luis Reygadas
260 _aMéxico, D. F. :
_bPlaza y Valdés,
_c2000
300 _a252 p. :
_bgráfs. ; cuadros
590 _aBATCH-UPD
_b10
_c20130110
_lUCH01
_h0615
590 _aBATCH-UPD
_b10
_c20130110
_lUCH01
_h2348
590 _aBATCH-UPD
_b10
_c20130410
_lUCH01
_h0258
590 _aBATCH-UPD
_b10
_c20130410
_lUCH01
_h1636
590 _aBATCH-UPD
_b10
_c20130914
_lUCH01
_h1545
590 _aCONVERSION
_b10
_c20130109
_lUCH01
_h1350
650 1 4 _aGlobalización.
_948300
650 1 4 _aMéxico (D.F.)
_xCondiciones económicas.
_976812
650 1 4 _aPolítica económica
_zMéxico (D.F.).
_990536
700 0 _aReygadas, Luis
_e, coord.
_997040
901 _aBK
905 _aMarco A. Mendoza T.
911 _aCustodia
942 _cLIBRO
949 _a338.972 R5
_bBC
_cLIBRO
_d33724000961645
_eLIBRO
_gI.c/e
_h107206
_i102511
_si
_t$200.00
999 _c90976
_d90976